Λέσβος και Ρώμη : επισκόπηση των γραμματειακών και αρχαιολογικών πηγών για την ελεύθερη πολιτεία και τη φιλορωμαϊκή ελίτ της Μυτιλήνης μέχρι το τέλος των αυτοκρατορικών χρόνων

Στόχο της εργασίας αυτής αποτελεί η μελέτη του πλούσιου υλικού των γραμματειακών και αρχαιολογικών εκείνων πηγών, που αφορούν τις διακυμάνσεις των πολιτειακών θεσμών της Λέσβου από το πέρασμα των χρόνων της ελληνιστικής περιόδου μέχρι και την επικράτηση της Ρώμης στην Ανατολή, αλλά και τις σχέσεις π...

Πλήρης περιγραφή

Αποθηκεύτηκε σε:
Λεπτομέρειες βιβλιογραφικής εγγραφής
Κύριος συγγραφέας: Μουτζούρη, Ταξιαρχούλα
Συγγραφή απο Οργανισμό/Αρχή: Πανεπιστήμιο Αιγαίου. Σχολή Κοινωνικών Επιστημών. Τμήμα Κοινωνικής Ανθρωπολογίας και Ιστορίας. Πρόγραμμα Μεταπτυχιακών Σπουδών Κοινωνική και Ιστορική Ανθρωπολογία
Μορφή: Thesis Βιβλίο
Γλώσσα:Greek
Δημοσίευση: 2014.
Θέματα:
Διαθέσιμο Online:http://hdl.handle.net/11610/14524
Ετικέτες: Προσθήκη ετικέτας
Δεν υπάρχουν, Καταχωρήστε ετικέτα πρώτοι!

MARC

LEADER 00000cam a2200000 a 4500
001 1/107895
008 150811s2014####gr | ||| |||| ||gre||
040 |a GR-MyUa  |b gre  |c GR-MyUa  |e AACR2 
041 0 |a gre 
082 7 |a 938.974   |2 (23)  
100 1 |a Μουτζούρη, Ταξιαρχούλα. 
245 1 0 |a Λέσβος και Ρώμη :   |b επισκόπηση των γραμματειακών και αρχαιολογικών πηγών για την ελεύθερη πολιτεία και τη φιλορωμαϊκή ελίτ της Μυτιλήνης μέχρι το τέλος των αυτοκρατορικών χρόνων /   |c Ταξιαρχούλα Μουτζούρη ; επιβλέπων καθηγητής: Βασίλης Αναστασιάδης.  
260 |c 2014.  
300 |a 166 σ. ;   |c 30 εκ.  
502 |a Διατριβή (μεταπτυχιακή) - Πανεπιστήμιο Αιγαίου, Λέσβος, 2014.  
504 |a Περιλαμβάνει βιβλιογραφία.  
506 1 |a Ηλεκτρονική διάθεση στο πλήρες κείμενο – περιορισμένης πρόσβασης ;   |d Ελεύθερη διάθεση μόνο στα μέλη του Πανεπιστημίου Αιγαίου.  
520 8 |a Στόχο της εργασίας αυτής αποτελεί η μελέτη του πλούσιου υλικού των γραμματειακών και αρχαιολογικών εκείνων πηγών, που αφορούν τις διακυμάνσεις των πολιτειακών θεσμών της Λέσβου από το πέρασμα των χρόνων της ελληνιστικής περιόδου μέχρι και την επικράτηση της Ρώμης στην Ανατολή, αλλά και τις σχέσεις που ανέπτυξε το νησί με τη Ρώμη έως και τους ύστερους αυτοκρατορικούς χρόνους. Στη μελέτη των πηγών καταβάλλεται προσπάθεια να αναδειχθεί η προϊστορία του καθεστώτος της Λέσβου ως ελεύθερης πολιτείας, αλλά και η σύμπραξη της φιλορωμαϊκής ελίτ της Μυτιλήνης για την επίτευξη και τη διαφύλαξη αυτού του καθεστώτος.  
540 |a Κλειδωμένη η δυνατότητα αντιγραφής (copy) από το ηλεκτρονικό αρχείο.  
651 0 |a Lesbos Island (Greece)  |x History. 
700 1 |a Αναστασιάδης, Βασίλης Ι.  |e dgs 
710 2 |a Πανεπιστήμιο Αιγαίου.   |b Σχολή Κοινωνικών Επιστημών.   |b Τμήμα Κοινωνικής Ανθρωπολογίας και Ιστορίας.   |b Πρόγραμμα Μεταπτυχιακών Σπουδών Κοινωνική και Ιστορική Ανθρωπολογία. 
852 |a INST  |b LESVOS  |c DIATR  |e 20150811  |h 235  |p 005100057137  |q 005100057137  |t MTXE  |y 23 
852 |a INST  |b LESVOS  |c DIATR  |e 20150811  |h 236  |p 005100057138  |q 005100057138  |t MTXE  |y 23 
856 |u http://hdl.handle.net/11610/14524 
924 |a Μουτζούρη  |b Ταξιαρχούλα  |y Λέσβος  |z 2014-05  
970 |a Τζαφέρη   |b Ευαγγελία   |z 11-08-2015